Tears (Lyrics)- Sabrina Carpenter - Statistics

General Stats
  • This quiz has been taken 124 times
  • The average score is 196 of 247
Answer Stats
Answer % Correct
I
100%
(I
100%
a
98%
A
98%
(Ah)
97%
Mm
97%
(Mm)
97%
Mm-hmm
97%
(Uh-huh)
97%
get
95%
get)
95%
do
90%
do)
90%
my
90%
Tears
90%
the
90%
you
90%
you)
90%
at
89%
down
89%
run
89%
thought
89%
wet
89%
me
87%
of
87%
to
87%
thighs
85%
Uh
85%
your
85%
Being
84%
go
84%
guy
82%
guy)
82%
(Guy)
82%
like
81%
oh
81%
"Oh
81%
responsible
81%
responsible)
81%
(Responsible
81%
Responsible
81%
can
79%
you're
79%
little
77%
(So
77%
so
77%
So
77%
supposed
77%
(Supposed
77%
very
77%
Treating
76%
what
73%
(What
73%
long
71%
way
71%
dishes
69%
for
69%
far
68%
God"
68%
want
65%
hot
63%
"Why
63%
Baby
61%
women
61%
I'll
60%
I'm
60%
just
60%
respect
58%
ideal
56%
still
56%
that's
56%
are
55%
give
55%
on?"
55%
clothes
53%
communication
53%
gets
53%
how
53%
foreplay
52%
use
52%
from
48%
IKEA
48%
initiative
47%
phone
47%
Remembering
47%
(Shikitah)
47%
break)
45%
(Dance
45%
Assemble
44%
anything
42%
Considering
42%
feelings
42%
have
42%
yes
40%
chair
39%
"Uh"
37%
Offering
32%
No
23%
No matching quizzes found
Score Distribution
Percent of People with Each Score
Percentile by Number Answered
Your Score History
You have not taken this quiz